Estatísticas para Quiz do Mapa da França

Clique aqui para jogar o quiz

Estatísticas Gerais

  • Esse quiz foi jogado 1 777 vezes
  • A pontuação média é 6 de 13

Respostas no mapa

Respostas codificadas por cores de uma escala verde-vermelha no mapa do quiz de acordo com a % correta abaixo.
 

Estatísticas das Respostas

Resposta% Correto
Normandia
65%
Bretanha
62%
Córsega
60%
Altos da França
58%
Provença-Alpes-Costa Azul
52%
Ilha de França
51%
Centro-Vale do Loire
49%
Grande Leste
49%
Auvérnia-Ródano-Alpes
45%
Occitânia
43%
Nova Aquitânia
39%
Borgonha-Franco-Condado
38%
País do Loire
37%

Distribuição das Pontuações

Percentil de Números Respondidos

Porcentagem de Pessoas com Cada Pontuação

Sua Pontuação Histórica

Você não jogou esse quiz